000 00478nam a2200169Ia 4500
005 20250508160755.0
008 008 250505s9999 xx 000 0 eng d
037 _aReference
040 _aFEDL
_beng
_cFEDL
041 _aeng
_2eng
084 _a309.230954, IND
_qFEDL
245 0 _aDraft fifth five year plan 1974-79 . Part 1
245 0 _cIndia. Planning Commission
300 _avi,116p.
942 _cREF
_h309.230954, IND
999 _c1366540
_d1366540